| 000 | 00523nam a22001817a 4500 | ||
|---|---|---|---|
| 008 | 230511b |||||||| |||| 00| 0 eng d | ||
| 040 |
_aNational Science Library _cNational Science Library |
||
| 080 |
_aR 030.8=20 _bK5 |
||
| 100 |
_aFowler, H W _98691 |
||
| 245 | _aDictionary of modern english usage | ||
| 250 | _a2nd ed. | ||
| 260 |
_aOxford: _bThe Clarendon Press, _c1965 |
||
| 300 | _ax, 725p. | ||
| 650 | _aEnglish language | ||
| 653 | _aEnglish language-Errors of usage | ||
| 653 | _aIdioms | ||
| 942 |
_2udc _cBK |
||
| 999 |
_c28988 _d28988 |
||